Gabriel Narutowicz

Titel: Gabriel Narutowicz : prezydent RP ; we wspomnieniach, relacjach i dokumentach / wybór i oprac. Marian Marek Drozdowski
Beteiligt:
Ausgabe: Wyd. 1.
Veröffentlicht: Warszawa : Oficyna Wydawn. Rytm, 2004
Umfang: 377 S. : Ill.
Format: Buch
Sprache: Polnisch
ISBN: 8373990232
Buchumschlag
X
Lokale Klassifikation: 2 N 175
alg: 22629226
001A    $03004:23-08-10 
001B    $01999:13-05-21 $t13:33:48.000 
001C    $03004:16-09-10 $t11:52:33.000 
001D    $03004:16-09-10 
001U    $0utf8 
001X    $00 
002@    $0Aau 
003@    $0226292266 
004A    $083-7399-023-2 
007A    $0226292266 $aHEB 
007G    $0DE02002162A78A89145AAC12578C700322A3A 
007T    $0Herdk50294 
009P    $qapplication/pdf $A2 $3Inhaltsverzeichnis $uhttp://scans.hebis.de/HEBCGI/show.pl?22629226_toc.pdf $mV:DE-603;B:DE-Mb50 
010@    $apol 
011@    $a2004 
021A    $aGabriel Narutowicz $dprezydent RP ; we wspomnieniach, relacjach i dokumentach $hwybór i oprac. Marian Marek Drozdowski 
028C    $#Drozdovski, Marian M. $#Drozdowski, Marek M. $#Drozdowski, Marek Marian $#Drozdowski, Marian M. $7122176278 $8Drozdowski, Marian Marek$Z1932- [Tp1] $9092517692 
032@    $aWyd. 1. 
033A    $pWarszawa $nOficyna Wydawn. Rytm 
034D    $a377 S. 
034M    $aIll. 
045F    $a929.09438 $eDDC23BSB 
045F/01 $a929 
045F/03 $g438 

lok: 22629226 24
101B    $016-09-10 $t11:52:33.000 
101C    $016-09-10 
101U    $0utf8 
145Z/01 $a2 N 175 

exp: 22629226 24 1 #EPN
201B/01 $016-09-10 $t11:52:33.000 
201C/01 $023-08-10 
201U/01 $0utf8 
203@/01 $0597835152 
208@/01 $a16-09-10 $bz 
209A/01 $a10.4892 $du $f050 $h10 4892 $x00 
209C/01 $a10.4892 K $h10 4892 K 
209G/01 $a72672259 $x00 
220C/01 $anie 
244Z/01 $#Narutowicz, Gabryel $#Narutovičs, Gabriels $#Narutavičius, Gabrielius $#Нарутович, Габриэль $#Нарутович, Габрієль $#Нарутович, Габриел $7118866192 $8--Tp1--Narutowicz, Gabriel$Z1865-1922 $x01 $9087206676 
247C/01 $8358050-7 Marburg, Bibliothek des Herder-Instituts Marburg $9102600961 

lok: 22629226 78

exp: 22629226 78 1 #EPN
201B/01 $025-10-19 $t22:55:32.000 
201U/01 $0utf8 
203@/01 $0792204921 
208@/01 $a12-11-16 $be 
209A/01 $a/ $f000 $x00 
220C/01 $aTitelaufnehmer: pbb 
220C/01 $aHerkunft: IH PAN/PBB Kraków 
237A/01 $aweiterführende Signatur(en): Herder-Institut: 10.4892 
244Z/01 $2Trx $#Poola $#Lenkija $#Polija $#Polen Land $#Poland $#Lengyelország $#Poľsko $#Polsko $8--Trx--Polska$gkraj $x01 $9391345966 
244Z/01 $aGeschichte 1865-1922 $x02 
244Z/01 $#Narutowicz, Gabryel $#Narutovičs, Gabriels $#Narutavičius, Gabrielius $#Нарутович, Габриэль $#Нарутович, Габрієль $#Нарутович, Габриел $7118866192 $8--Tp1--Narutowicz, Gabriel$Z1865-1922 $x03 $9087206676 
244Z/01 $2Trx $#poliitikud $#politikai $#politicians $#politikus $#politycy $#politici $#politici $#Staatsmänner $#štátnici $#státníci $8--Trx--Politiker $x04 $9391382128 
244Z/01 $2Trx $#mälestused $#atsiminimai $#Memoirs $#emlékezések $#wspomnienia $#spomienky $#vzpomínky $#memuaarid $#Memoiren $#pamiętniki $#pamäti $#paměti $8--Trx--Erinnerungen $x05 $9391357727 
244Z/01 $2Trx $#dzieło zbiorowe $8--Trx--Sammelwerk $x06 $9391384597 
245Z/01 $a12.03 $x01 
247C/01 $82080>Marburg/Lahn, Herder-Institut, Forschungsbibliothek, Bibliographieportal $9336309341
LEADER 00000cam a2200000 c 4500
001 226292266
003 DE-603
005 20210513133348.0
007 tu
008 100823s2004 xx |||| | u00||u|pol c
020 |a 8373990232 
035 |a (DE-599)HEB226292266 
040 |a DE-603  |b ger  |c DE-603  |d DE-603 
041 |a pol 
082 0 4 |8 1\u  |a 929.09438  |q DE-101  |2 23/BSB 
085 |8 1\u  |b 929 
085 |8 1\u  |z 2  |s 438 
245 0 0 |a Gabriel Narutowicz  |b prezydent RP ; we wspomnieniach, relacjach i dokumentach  |c wybór i oprac. Marian Marek Drozdowski 
250 |a Wyd. 1. 
264 1 |a Warszawa  |b Oficyna Wydawn. Rytm  |c 2004 
300 |a 377 S.  |b Ill. 
700 1 |a Drozdowski, Marian Marek  |d 1932-  |0 (DE-603)092517692  |0 (DE-588)122176278  |2 gnd 
856 4 2 |m V:DE-603;B:DE-Mb50  |q application/pdf  |u http://scans.hebis.de/HEBCGI/show.pl?22629226_toc.pdf  |3 Inhaltsverzeichnis 
924 0 |9 Mb 50  |a (DE-603)597835152  |b DE-Mb50  |c HES  |d c  |g 10.4892 
924 0 |9 2080  |a (DE-603)792204921  |b DE-2080  |c HES  |d d  |g /